000 00295nam a22001337a 4500
020 _a978-93-94296-14-5
082 _a823
_bSAH/M
100 _aSAHNI
245 _aSTORY BOOK OF MORAL STORIES
260 _aAGRA
_bSAHNI SONS
300 _a16
650 _aCHILDRENS STORY BOOK
_zINDIA
942 _cBK
999 _c7052
_d7052